Egy gondolkodói alkat kalandja az elmélettel

Elmentve itt :
Bibliográfiai részletek
Szerző: Tóth Sándor
Adatforrás:Philobibl
Forrásdokumentuma:Korunk, 1980/9
671-679. p.
Dokumentumtípus: Cikk
Nyelv:magyar
LEADER 00287nab a2200097 c 4500
001 bibDOK00014686
005 20200924120942.7
008 060518s1980 hu hun
100 1 |a Tóth Sándor 
245 1 4 |a Egy gondolkodói alkat kalandja az elmélettel  |c Tóth Sándor 
773 0 |t Korunk, 1980/9  |g 671-679. p.